000 00736nam a2200277Ia 4500
008 160803s9999 xx 000 0 und d
020 _a9780545284431
100 _aKeene, Carolyn
245 _aDouble take /
245 _cby Carolyn Keene ; illustrated by Macky Pamintuan.
260 _aNew York :
260 _bScholastic Inc.
260 _c2009
300 _a88 pages :
300 _billustrations ;
300 _c20 cm.
650 _aClothing and dress --
650 _aClubs --
650 _aDrew, Nancy (Fictitious character) --
650 _aSchools --
650 _xJuvenile fiction.
650 _xJuvenile fiction.
650 _xJuvenile fiction.
650 _xJuvenile fiction.
700 _a560
999 _c299616
_d299616